[Event "Championnat de Paris Open Fide"]
[Site "Stade Charléty - 75013 Paris"]
[Date "2015.07.09"]
[Round "6.16"]
[White "Le Ruyet, Leopold"]
[Black "Formento, Paolo"]
[Result "1-0"]
[WhiteElo "2238"]
[BlackElo "2246"]
[PlyCount "55"]
[EventDate "2015.??.??"]

1. c4 c5 2. Nc3 Nc6 3. g3 g6 4. Bg2 Bg7 5. d3 e6 6. e4 Nge7 7. Nge2 O-O 8. O-O
a6 9. Rb1 Rb8 10. Be3 d6 11. d4 cxd4 12. Nxd4 Qc7 13. Rc1 Ne5 14. b3 f5 15. h3
Qa5 16. Nxe6 Bxe6 17. Qxd6 Bxc4 18. Bb6 Nc8 19. Qxf8+ Bxf8 20. Bxa5 b6 21. bxc4
bxa5 22. exf5 gxf5 23. Rb1 Rb4 24. Rxb4 Bxb4 25. Na4 Nd6 26. c5 Ne4 27. Bxe4
fxe4 28. Rc1 1-0

[Event "Championnat de Paris Open Fide"]
[Site "Stade Charléty - 75013 Paris"]
[Date "2015.07.09"]
[Round "6.17"]
[White "Glicenstein, Asher"]
[Black "Samoun, Florent"]
[Result "1-0"]
[WhiteElo "2213"]
[BlackElo "2244"]
[PlyCount "99"]
[EventDate "2015.??.??"]

1. d4 g6 2. c4 Bg7 3. g3 d6 4. Nf3 c6 5. Nc3 Qc7 6. Bg2 Nf6 7. O-O O-O 8. h3 e5
9. e4 Nbd7 10. Rb1 a6 11. b3 b5 12. dxe5 Nxe5 13. cxb5 Nxf3+ 14. Qxf3 axb5 15.
e5 dxe5 16. Qxc6 Qxc6 17. Bxc6 Bxh3 18. Bxa8 Bxf1 19. Kxf1 Rxa8 20. a3 Rb8 21.
Bg5 Nd7 22. b4 f6 23. Be3 Kf7 24. Ne4 Bf8 25. Rc1 Ra8 26. Rc7 Ke6 27. Ba7 Be7
28. Nc3 Bd8 29. Rc6+ Kf5 30. Nxb5 h5 31. Nd6+ Kg4 32. Nc8 e4 33. b5 Ne5 34. Rc2
Kf3 35. Rc3+ Nd3 36. b6 Bxb6 37. Bxb6 g5 38. Ne7 h4 39. Nd5 Kg4 40. Ne3+ Kf3
41. gxh4 gxh4 42. Nc4 h3 43. Nd2+ Kf4 44. Bc7+ Kf5 45. f3 e3 46. Rxd3 exd2 47.
Bd6 h2 48. Kg2 Rh8 49. Bxh2 Ra8 50. Bd6 1-0

[Event "Championnat de Paris Open Fide"]
[Site "Stade Charléty - 75013 Paris"]
[Date "2015.07.10"]
[Round "7.2"]
[White "Basso, Pier Luigi"]
[Black "Battaglini, Gabriel"]
[Result "1/2-1/2"]
[WhiteElo "2439"]
[BlackElo "2449"]
[PlyCount "104"]
[EventDate "2015.??.??"]

1. d4 Nf6 2. c4 c5 3. d5 b5 4. Qc2 g6 5. e4 d6 6. Nf3 Bg7 7. cxb5 O-O 8. Nc3 a6
9. a4 Ne8 10. Bf4 Nd7 11. bxa6 Bxa6 12. Bxa6 Rxa6 13. O-O Qb8 14. Nb5 Nc7 15.
Nxc7 Qxc7 16. Bd2 Rb8 17. Bc3 Qb7 18. Bxg7 Kxg7 19. Ra2 Qb3 20. Qxb3 Rxb3 21.
Nd2 Rb4 22. b3 f5 23. Re1 Nf6 24. exf5 Nxd5 25. fxg6 hxg6 26. Rc2 e5 27. Rc4
Rb7 28. g3 Nb4 29. Re3 Nc6 30. f4 exf4 31. Rxf4 Nd4 32. Rfe4 Nf5 33. Rd3 Nd4
34. Re8 Rab6 35. Rd8 Nxb3 36. Rxb3 Rxb3 37. Nxb3 Rxb3 38. Rxd6 Ra3 39. Ra6 Ra2
40. Rc6 Rxa4 41. Rxc5 Ra2 42. Rc1 g5 43. Rf1 g4 44. Rf4 Ra1+ 45. Kg2 Ra2+ 46.
Rf2 Rxf2+ 47. Kxf2 Kf6 48. h4 gxh3 49. g4 Kg5 50. Kg3 h2 51. Kxh2 Kh4 52. g5
Kxg5 1/2-1/2

[Event "Championnat de Paris Open Fide"]
[Site "Stade Charléty - 75013 Paris"]
[Date "2015.07.10"]
[Round "7.3"]
[White "Valles, Manuel"]
[Black "Shchekachev, Andrei"]
[Result "1/2-1/2"]
[WhiteElo "2350"]
[BlackElo "2552"]
[PlyCount "82"]
[EventDate "2015.??.??"]

1. d4 g6 2. c4 Bg7 3. e4 d6 4. Ne2 Nf6 5. Nec3 O-O 6. Be2 Nfd7 7. Be3 e5 8. d5
f5 9. f3 Bh6 10. Bf2 a5 11. h4 Na6 12. h5 Kg7 13. hxg6 hxg6 14. exf5 gxf5 15.
Nd2 Rh8 16. g4 Ndc5 17. gxf5 Bxf5 18. Nde4 Bf4 19. Rg1+ Kf7 20. Bd3 Nxd3+ 21.
Qxd3 Qd7 22. Nb5 Nb4 23. Qb1 Rag8 24. Rxg8 Rxg8 25. Ke2 Bg6 26. Nbc3 c6 27. a3
cxd5 28. cxd5 Na6 29. Qd3 Nc7 30. Rh1 Ne8 31. Qb5 Qc7 32. Bb6 Qe7 33. Bf2 Ng7
34. Bh4 Qc7 35. Qxb7 Qxb7 36. Nxd6+ Kf8 37. Nxb7 Nf5 38. Ne4 Rg7 39. Nd8 Nd4+
40. Kf2 Rh7 41. Kg2 Rc7 1/2-1/2

[Event "Championnat de Paris Open Fide"]
[Site "Stade Charléty - 75013 Paris"]
[Date "2015.07.10"]
[Round "7.5"]
[White "Roser, Kevin"]
[Black "Louis, Thibault"]
[Result "1/2-1/2"]
[WhiteElo "2403"]
[BlackElo "2250"]
[PlyCount "68"]
[EventDate "2015.??.??"]

1. e4 d6 2. d4 Nf6 3. Nc3 e5 4. Nf3 Nbd7 5. Bc4 Be7 6. a4 O-O 7. O-O c6 8. h3
b6 9. Qe2 a6 10. Rd1 Qc7 11. Bg5 Re8 12. Ba2 exd4 13. Nxd4 Nc5 14. Qf3 h6 15.
Bh4 Bd7 16. b4 Nb7 17. b5 axb5 18. axb5 cxb5 19. Ndxb5 Bxb5 20. Nxb5 Qxc2 21.
e5 dxe5 22. Bxf7+ Kxf7 23. Qxb7 Rxa1 24. Rxa1 Qb2 25. Nd6+ Ke6 26. Nxe8 Qxa1+
27. Kh2 Qd4 28. Nxg7+ Kf7 29. Bg3 Qd7 30. Qxb6 Kxg7 31. Bxe5 Qf5 32. Qe3 Kf7
33. Bxf6 Bxf6 34. g3 h5 1/2-1/2

[Event "Championnat de Paris Open Fide"]
[Site "Stade Charléty - 75013 Paris"]
[Date "2015.07.10"]
[Round "7.6"]
[White "Aranovitch, Emiliano"]
[Black "Mouhamad, Joachin"]
[Result "1-0"]
[WhiteElo "2347"]
[BlackElo "2207"]
[PlyCount "49"]
[EventDate "2015.??.??"]

1. e4 c5 2. Nf3 Nc6 3. Bb5 d6 4. O-O Bd7 5. Re1 a6 6. Bxc6 Bxc6 7. d4 cxd4 8.
Nxd4 Nf6 9. Bg5 e6 10. Nc3 Qa5 11. Bxf6 gxf6 12. Nd5 Be7 13. b4 Qd8 14. Qh5
Bxd5 15. exd5 e5 16. Ne6 Qc8 17. c4 Bf8 18. Rac1 Qd7 19. b5 Ke7 20. Nd4 Kd8 21.
Nf5 axb5 22. cxb5 Rxa2 23. b6 Be7 24. Rc7 Qb5 25. Qxf7 1-0

[Event "Championnat de Paris Open Fide"]
[Site "Stade Charléty - 75013 Paris"]
[Date "2015.07.10"]
[Round "7.7"]
[White "Rodriguez, Adrien"]
[Black "Veys, Vincent"]
[Result "1/2-1/2"]
[WhiteElo "2274"]
[BlackElo "2375"]
[PlyCount "140"]
[EventDate "2015.??.??"]

1. c4 c6 2. Nf3 Nf6 3. e3 d5 4. Nc3 Bg4 5. cxd5 Bxf3 6. gxf3 cxd5 7. Qb3 Qd7 8.
d4 Nc6 9. Bd2 e6 10. Rc1 Bd6 11. Bb5 O-O 12. Na4 Rac8 13. Ke2 Qe7 14. Bxc6 bxc6
15. Rc2 Nd7 16. Qb7 Rc7 17. Qa6 Nb8 18. Qd3 f6 19. h4 h5 20. Qg6 Qf7 21. Qxf7+
Kxf7 22. f4 Be7 23. Ba5 Rb7 24. b3 Rc8 25. f3 f5 26. Be1 Na6 27. Bf2 Ba3 28.
Be1 Rbc7 29. Ba5 Rb7 30. Be1 Rd7 31. Kd3 Bb4 32. Ke2 Be7 33. Kd3 c5 34. dxc5
Nxc5+ 35. Ke2 Rdd8 36. Nxc5 Rxc5 37. Rxc5 Bxc5 38. Ba5 Rd7 39. Rc1 Be7 40. Kd3
Bxh4 41. Rh1 Bf6 42. Rxh5 Rd6 43. Rh2 Rc6 44. Bd2 Rc8 45. Rh1 Ke7 46. Rc1 Rxc1
47. Bxc1 Kd6 48. Ba3+ Kc6 49. Bb4 g6 50. a4 a6 51. Bd2 Bd8 52. Bc3 Bc7 53. b4
Bd6 54. Bd2 Be7 55. Bc3 Bd6 56. Bd2 e5 57. fxe5 Bxe5 58. f4 Bf6 59. Bc3 Bd8 60.
Kd4 Bb6+ 61. Kd3 Ba7 62. Bd4 Bb8 63. Bc5 Bc7 64. Kd4 Bd8 65. Ke5 a5 66. Ke6 Bh4
67. Bf8 axb4 68. Bxb4 g5 69. Kxf5 gxf4 70. Kxf4 Bf2 1/2-1/2

[Event "Championnat de Paris Open Fide"]
[Site "Stade Charléty - 75013 Paris"]
[Date "2015.07.10"]
[Round "7.8"]
[White "Payen, Arnaud"]
[Black "Eden, James"]
[Result "0-1"]
[WhiteElo "2329"]
[BlackElo "2272"]
[PlyCount "50"]
[EventDate "2015.??.??"]

1. e4 e5 2. Nf3 Nc6 3. Bb5 a6 4. Ba4 Nf6 5. d4 exd4 6. O-O Be7 7. e5 Ne4 8.
Nxd4 O-O 9. c3 Nxe5 10. Re1 d5 11. f3 f5 12. fxe4 fxe4 13. Rf1 Bg4 14. Rxf8+
Qxf8 15. Qf1 c5 16. Qxf8+ Rxf8 17. Bb3 cxd4 18. Bxd5+ Kh8 19. cxd4 Be2 20. Nd2
Nd3 21. Bxe4 Nxc1 22. Bxb7 Bg5 23. Nf3 Be3+ 24. Kh1 g5 25. h3 h5 0-1

[Event "Championnat de Paris Open Fide"]
[Site "Stade Charléty - 75013 Paris"]
[Date "2015.07.10"]
[Round "7.9"]
[White "Maleki, Manuel"]
[Black "Philippe, Guillaume"]
[Result "1-0"]
[WhiteElo "2235"]
[BlackElo "2309"]
[PlyCount "141"]
[EventDate "2015.??.??"]

1. Nf3 Nf6 2. c4 e6 3. Nc3 c5 4. g3 Be7 5. Bg2 O-O 6. O-O a6 7. d4 cxd4 8. Qxd4
Nc6 9. Qf4 b6 10. Rd1 Bb7 11. e4 d6 12. b3 Qc7 13. Ba3 Ne5 14. Qe3 Rfe8 15.
Rac1 Ned7 16. h3 Rac8 17. Kh2 Bf8 18. Nd4 Qb8 19. Re1 Ba8 20. Rcd1 g6 21. Rd2
h6 22. Red1 Kh7 23. Nf3 Nc5 24. e5 dxe5 25. Nxe5 Bxg2 26. Kxg2 Bg7 27. Kh2 Kg8
28. b4 Qxe5 29. Qxe5 Ng4+ 30. hxg4 Bxe5 31. bxc5 Bxc3 32. Rc2 Ba5 33. cxb6 Bxb6
34. Rd6 Rb8 35. c5 Bc7 36. Rxa6 Red8 37. Ra7 Rdc8 38. Bc1 Bb6 39. Ra4 Rxc5 40.
Rxc5 Bxc5 41. Kg2 Kg7 42. Rc4 Be7 43. a4 Bf6 44. a5 Rb1 45. Ba3 Rb8 46. a6 Ra8
47. Ra4 Bd8 48. Bc5 Kf6 49. a7 Ke5 50. Rd4 Be7 51. Bb6 f5 52. Rd7 Kf6 53. f4
fxg4 54. Bd4+ e5 55. fxe5+ Ke6 56. Rb7 h5 57. Rb8 Rxa7 58. Bxa7 Kxe5 59. Be3
Ke6 60. Rb5 Bf6 61. Bf4 Bd8 62. Kf2 Bf6 63. Ke3 Ba1 64. Ke4 Bf6 65. Bg5 Bc3 66.
Rb6+ Kf7 67. Rb7+ Ke6 68. Re7+ Kd6 69. Re8 Be1 70. Rg8 Bxg3 71. Bf4+ 1-0

[Event "Championnat de Paris Open Fide"]
[Site "Stade Charléty - 75013 Paris"]
[Date "2015.07.10"]
[Round "7.10"]
[White "Van Dongen, Patrick"]
[Black "O'Sullivan, Thomas"]
[Result "1/2-1/2"]
[WhiteElo "2304"]
[BlackElo "2227"]
[PlyCount "71"]
[EventDate "2015.??.??"]

1. e4 e6 2. d4 d5 3. exd5 exd5 4. Nf3 Nf6 5. Bd3 Bd6 6. O-O O-O 7. Bg5 Bg4 8.
Re1 Nc6 9. c3 h6 10. Bh4 g5 11. Bg3 Nh5 12. h3 Bxf3 13. Qxf3 Ng7 14. Nd2 Bxg3
15. Qxg3 f5 16. Bc2 Qd7 17. Qd3 Rae8 18. Nf3 Ne6 19. Ba4 Qd6 20. g3 a6 21. Re2
Ng7 22. Rae1 Rxe2 23. Qxe2 Re8 24. Qd2 Re4 25. Bc2 Re6 26. Rxe6 Qxe6 27. Kg2
Ne8 28. h4 g4 29. Ne1 Nd6 30. Nd3 Nc4 31. Nc5 Qf6 32. Qf4 Nd6 33. Nd7 Qe6 34.
Nc5 Qf6 35. Nd7 Qe6 36. Nc5 1/2-1/2

[Event "Championnat de Paris Open Fide"]
[Site "Stade Charléty - 75013 Paris"]
[Date "2015.07.10"]
[Round "7.11"]
[White "Sochacki, Wojtek"]
[Black "Alfred, Nathan"]
[Result "1-0"]
[WhiteElo "2302"]
[BlackElo "2276"]
[PlyCount "83"]
[EventDate "2015.??.??"]

1. e4 c5 2. Nf3 d6 3. d4 cxd4 4. Qxd4 a6 5. h3 Nc6 6. Qe3 g6 7. c4 Bg7 8. Be2
Nf6 9. O-O O-O 10. Nc3 Rb8 11. Bd2 Ne8 12. Rab1 f5 13. exf5 gxf5 14. Qg5 e6 15.
Qxd8 Nxd8 16. Rfd1 Nc6 17. b4 Ra8 18. Na4 Bf6 19. Nb6 Rb8 20. c5 d5 21. Bf4 e5
22. Bh6 e4 23. Ng5 Nd4 24. Rxd4 Bxd4 25. Bxf8 Kxf8 26. Nxc8 Nc7 27. Nb6 Kg7 28.
Nxd5 Bxf2+ 29. Kxf2 Nxd5 30. Bc4 Nf4 31. Ne6+ Nxe6 32. Bxe6 Kf6 33. Bb3 Rd8 34.
Rd1 Re8 35. Rd6+ Ke5 36. Rd5+ Kf6 37. g4 fxg4 38. hxg4 e3+ 39. Ke2 Re4 40. g5+
Ke7 41. Rf5 Rxb4 42. Rf7+ 1-0

[Event "Championnat de Paris Open Fide"]
[Site "Stade Charléty - 75013 Paris"]
[Date "2015.07.10"]
[Round "7.12"]
[White "Micottis, Dorian"]
[Black "Dionisi, Thomas"]
[Result "1/2-1/2"]
[WhiteElo "2235"]
[BlackElo "2387"]
[PlyCount "110"]
[EventDate "2015.??.??"]

1. Nf3 f5 2. g3 Nf6 3. Bg2 g6 4. O-O Bg7 5. d4 O-O 6. Nbd2 d6 7. Re1 Nc6 8. e4
e5 9. dxe5 dxe5 10. c3 f4 11. Qc2 Kh8 12. Nc4 Nh5 13. b3 Qf6 14. Ba3 Rf7 15.
Rad1 Bg4 16. Rd3 b5 17. Ncd2 Bf8 18. Bxf8 Raxf8 19. h3 Bxf3 20. Rxf3 b4 21. Kh2
fxg3+ 22. fxg3 Qg5 23. h4 Qg4 24. Bh3 Qxf3 25. Nxf3 Rxf3 26. Rf1 Rxf1 27. Bxf1
Rxf1 28. cxb4 Rf6 29. b5 Nd4 30. Qxc7 Kg8 31. Kg2 Nf3 32. Qxa7 Ne1+ 33. Kh3 Rf3
34. Qb8+ Kf7 35. Qxe5 Rxg3+ 36. Qxg3 Nxg3 37. Kxg3 Ke7 38. b6 Kd8 39. a4 Nd3
40. a5 Nc5 41. Kf4 h6 42. Ke5 g5 43. hxg5 hxg5 44. b4 Nd3+ 45. Kf5 Nxb4 46.
Kxg5 Ke7 47. Kf5 Kf7 48. b7 Na6 49. Ke5 Ke7 50. Kd5 Kd7 51. e5 Kc7 52. e6 Kxb7
53. Kd6 Nc7 54. e7 Ne8+ 55. Kd7 Ng7 1/2-1/2

[Event "Championnat de Paris Open Fide"]
[Site "Stade Charléty - 75013 Paris"]
[Date "2015.07.10"]
[Round "7.13"]
[White "Onkoud, Abdelaziz"]
[Black "Glicenstein, Asher"]
[Result "0-1"]
[WhiteElo "2308"]
[BlackElo "2213"]
[PlyCount "65"]
[EventDate "2015.??.??"]

1. d4 f5 2. Bg5 g6 3. Nc3 Bg7 4. e4 fxe4 5. Nxe4 d5 6. Nc3 Nc6 7. Bb5 Qd6 8.
Qd2 Bd7 9. Nge2 O-O-O 10. O-O-O Nf6 11. Bf4 Qe6 12. f3 a6 13. Bxc6 Qxc6 14. Be5
h5 15. Rhe1 Bh6 16. Bf4 g5 17. Be3 h4 18. Kb1 Qd6 19. h3 Nh5 20. Nc1 Nf4 21.
Bxf4 gxf4 22. Nd3 Rdf8 23. Re5 Rf5 24. Rde1 Bg7 25. Rxf5 Bxf5 26. Ne5 Rf8 27.
a3 e6 28. Na4 b6 29. b4 a5 30. Kb2 axb4 31. Qxb4 Kb7 32. c3 Bxe5 33. Rxe5 {
suite illisible} 0-1

[Event "Championnat de Paris Open Fide"]
[Site "Stade Charléty - 75013 Paris"]
[Date "2015.07.10"]
[Round "7.14"]
[White "Pruvot, Louis"]
[Black "Le Ruyet, Leopold"]
[Result "0-1"]
[WhiteElo "2213"]
[BlackElo "2238"]
[PlyCount "62"]
[EventDate "2015.??.??"]

1. d4 f5 2. g3 Nf6 3. Bg2 e6 4. c4 c6 5. Nh3 Be7 6. O-O O-O 7. b3 d6 8. Bb2 Qc7
9. f4 Ng4 10. Qd3 e5 11. e4 Na6 12. fxe5 dxe5 13. exf5 exd4 14. Rf4 Ne5 15. Qe2
Bxf5 16. Nd2 Bc5 17. Nf2 Ng6 18. Rxd4 Rae8 19. Qh5 Qb6 20. Nf3 Ne5 21. Rad1 Bg6
22. Qxe5 Rxe5 23. Nxe5 Bxd4 24. Bxd4 Qc7 25. Nxg6 hxg6 26. Be4 Rd8 27. c5 Nxc5
28. Bxg6 Ne6 29. Bc3 Rxd1+ 30. Nxd1 Qd6 31. Nf2 Nf4 0-1

[Event "Championnat de Paris Open Fide"]
[Site "Stade Charléty - 75013 Paris"]
[Date "2015.07.10"]
[Round "7.15"]
[White "Picard, Romain"]
[Black "Gantner, Ludovic"]
[Result "1/2-1/2"]
[WhiteElo "2350"]
[BlackElo "2213"]
[PlyCount "38"]
[EventDate "2015.??.??"]

1. e4 e5 2. Nf3 Nc6 3. Bc4 Nf6 4. d3 Be7 5. O-O d6 6. Bb3 O-O 7. c3 Na5 8. Bc2
c5 9. a3 Nc6 10. b4 cxb4 11. axb4 Qc7 12. Re1 Bg4 13. Nbd2 b5 14. h3 Bh5 15.
Rb1 d5 16. g4 dxe4 17. dxe4 Bg6 18. Nf1 a5 19. bxa5 Qxa5 1/2-1/2

[Event "Championnat de Paris Open Fide"]
[Site "Stade Charléty - 75013 Paris"]
[Date "2015.07.10"]
[Round "7.16"]
[White "Rabeyrin, Jean Jacques"]
[Black "Formento, Paolo"]
[Result "1-0"]
[WhiteElo "2219"]
[BlackElo "2246"]
[PlyCount "139"]
[EventDate "2015.??.??"]

1. e4 e6 2. d4 d5 3. Nd2 Be7 4. Bd3 c5 5. dxc5 Nf6 6. Qe2 O-O 7. Ngf3 a5 8. O-O
Na6 9. e5 Nd7 10. Nd4 Ndxc5 11. f4 Nxd3 12. cxd3 a4 13. N2f3 a3 14. b3 Nb4 15.
Be3 Bd7 16. Kh1 Rc8 17. Rac1 Qa5 18. Rcd1 Qa6 19. Ne1 f6 20. Ndf3 Kh8 21. Bd4
f5 22. Bf2 Rc7 23. Bh4 Bc5 24. Bf2 b6 25. Ng5 h6 26. Ngf3 Rfc8 27. Bxc5 bxc5
28. Rf2 Be8 29. Qd2 Qb6 30. Rb1 Bh5 31. h3 Qa6 32. d4 Bxf3 33. Rxf3 Qb6 34.
dxc5 Rxc5 35. Rf1 Qb5 36. Rf2 Rc3 37. Rd1 Qc5 38. Rf3 Kg8 39. Kh2 Kf7 40. Qe2
g6 41. Rxc3 Qxc3 42. Nf3 Rc5 43. Nd4 Qb2 44. Rd2 Qc1 45. Qf2 Qc3 46. Qh4 Qxd2
47. Qf6+ Ke8 48. Qxe6+ Kd8 49. Qd6+ Kc8 50. Qxc5+ Kb7 51. Qb5+ Ka8 52. Qe8+ Kb7
53. Qe7+ Kb8 54. Ne6 Na6 55. Qd6+ Ka7 56. Qxa3 g5 57. Qe7+ Kb6 58. Qd8+ Kb7 59.
fxg5 f4 60. Qe7+ Kb6 61. Qf6 hxg5 62. Nxf4+ Kb5 63. Qxg5 Nc5 64. e6 Qe3 65. e7
d4 66. a4+ Ka6 67. Qf6+ Ka5 68. Nd5 Nd7 69. b4+ Kxa4 70. Qa6+ 1-0

[Event "Championnat de Paris Open Fide"]
[Site "Stade Charléty - 75013 Paris"]
[Date "2015.07.11"]
[Round "8.1"]
[White "Sethuraman, SP."]
[Black "Legky, Nikolay A"]
[Result "1/2-1/2"]
[WhiteElo "2623"]
[BlackElo "2420"]
[PlyCount "176"]
[EventDate "2015.??.??"]

1. e4 e6 2. d4 d5 3. Nc3 dxe4 4. Nxe4 Nd7 5. Nf3 Ngf6 6. Bd3 c5 7. Qe2 cxd4 8.
O-O Be7 9. Rd1 O-O 10. Nxd4 a6 11. Bg5 Re8 12. Bh4 Nf8 13. Nf3 Bd7 14. Ne5 Nxe4
15. Bxe7 Rxe7 16. Bxe4 Qc7 17. Rd4 Be8 18. Rad1 f6 19. Nc4 Bb5 20. b3 e5 21.
Rd6 Ne6 22. Qh5 g6 23. Qf3 Bxc4 24. bxc4 f5 25. Rxe6 Rxe6 26. Bd5 Rae8 27. Rb1
Kh8 28. Bxe6 Rxe6 29. Qd5 Re7 30. Rd1 Kg7 31. h4 Qc6 32. Qd8 Qc7 33. Qd5 Qc6
34. Qd3 Rc7 35. Qc3 Qc5 36. h5 b5 37. Rd8 b4 38. Qd2 f4 39. Qe2 Kh6 40. hxg6
hxg6 41. Rd5 Qxc4 42. Qxe5 Qc3 43. Qxf4+ Kg7 44. Rd3 Qa1+ 45. Kh2 Rf7 46. Qxb4
Qe5+ 47. Kg1 Qa1+ 48. Kh2 Qe5+ 49. f4 Rxf4 50. Qc3 Qxc3 51. Rxc3 Ra4 52. a3 Kf6
53. Kh3 Ke5 54. g3 Kd4 55. Rf3 Ke5 56. Rc3 Kd4 57. Rf3 Ke5 58. g4 Rc4 59. Kh4
Rxc2 60. Kg5 Rc4 61. Rb3 Ra4 62. Re3+ Kd4 63. Rf3 Ke5 64. Rd3 Ke4 65. Rb3 Kd5
66. Rg3 Ke4 67. Kxg6 Kf4 68. Rg1 Rxa3 69. g5 Ke5 70. Kh7 Kd5 71. g6 Rh3+ 72.
Kg8 Kc4 73. g7 Rd3 74. Kf7 Rd8 75. Rd1 Ra8 76. Ra1 Kb5 77. Rb1+ Kc4 78. Rb6
Ra7+ 79. Kf6 Rxg7 80. Kxg7 a5 81. Kf6 a4 82. Ke5 a3 83. Ra6 Kb3 84. Kd4 a2 85.
Kd3 Kb2 86. Rb6+ Kc1 87. Ra6 Kb2 88. Rxa2+ Kxa2 1/2-1/2

[Event "Championnat de Paris Open Fide"]
[Site "Stade Charléty - 75013 Paris"]
[Date "2015.07.11"]
[Round "8.2"]
[White "Battaglini, Gabriel"]
[Black "Renet, Olivier"]
[Result "0-1"]
[WhiteElo "2449"]
[BlackElo "2512"]
[PlyCount "77"]
[EventDate "2015.??.??"]
[TimeControl "5430"]

1. d4 d5 2. Nf3 Nf6 3. c4 e6 4. Nc3 Be7 5. Bg5 h6 6. Bh4 O-O 7. e3 b6 8. cxd5
Nxd5 9. Bxe7 Qxe7 10. Nxd5 exd5 11. Rc1 Be6 12. Qb3 c5 13. Qa3 Rc8 14. Bb5 Qb7
15. dxc5 bxc5 16. Be2 Qb6 17. Ne5 a5 18. O-O Ra7 19. Rfd1 Nd7 20. Nd3 Rac7 21.
Nf4 Nf6 22. Bf3 Rd7 23. Rd4 Kh8 24. h3 Kg8 25. Ra4 Ra7 26. Nxe6 fxe6 27. e4 c4
28. exd5 exd5 29. Qc3 Rb8 30. Rc2 Re8 31. Rd2 Qb5 32. Qa3 Re1+ 33. Kh2 d4 34.
g3 d3 35. Rd1 Rxd1 36. Bxd1 Qb6 37. Kg2 Ne4 38. Kf3 Qd4 39. Rxc4 0-1

[Event "Championnat de Paris Open Fide"]
[Site "Stade Charléty - 75013 Paris"]
[Date "2015.07.11"]
[Round "8.3"]
[White "Basso, Pier Luigi"]
[Black "Valles, Manuel"]
[Result "0-1"]
[WhiteElo "2439"]
[BlackElo "2350"]
[PlyCount "92"]
[EventDate "2015.??.??"]

1. d4 Nf6 2. Nf3 g6 3. c4 Bg7 4. Nc3 O-O 5. g3 d6 6. Bg2 c6 7. O-O Qa5 8. e4 e5
9. h3 Nbd7 10. Re1 exd4 11. Nxd4 Ne5 12. Bf1 Re8 13. Rb1 d5 14. cxd5 cxd5 15.
f4 Nxe4 16. fxe5 Nxg3 17. Bg2 Rxe5 18. Nf3 Rxe1+ 19. Qxe1 Bf5 20. Qxg3 Bxb1 21.
Nxb1 Qxa2 22. Nc3 Qa1 23. Qe1 Rc8 24. Ng5 Bh6 25. h4 d4 26. Bxb7 Rb8 27. Nd5
Rxb7 28. Qe8+ Bf8 29. Qc8 h6 30. Nf6+ Kg7 31. Ne8+ Kg8 32. Nf6+ Kg7 33. Ngh7
Rb8 34. Qc2 Be7 35. Qd2 g5 36. Nxg5 Rc8 37. Ne6+ fxe6 38. Qxh6+ Kf7 39. Qh5+
Kxf6 40. Qg5+ Kf7 41. Qh5+ Kg8 42. Qg6+ Kf8 43. Qh6+ Ke8 44. Qh8+ Bf8 45. Qh5+
Kd8 46. Qg5+ Be7 0-1

[Event "Championnat de Paris Open Fide"]
[Site "Stade Charléty - 75013 Paris"]
[Date "2015.07.11"]
[Round "8.4"]
[White "Wirig, Anthony"]
[Black "Shchekachev, Andrei"]
[Result "0-1"]
[WhiteElo "2511"]
[BlackElo "2552"]
[PlyCount "142"]
[EventDate "2015.??.??"]

1. e4 c5 2. Nf3 e6 3. d4 cxd4 4. Nxd4 a6 5. Bd3 Bc5 6. Nb3 Be7 7. e5 Nc6 8. Bf4
d6 9. exd6 Bxd6 10. Bxd6 Qxd6 11. O-O Nf6 12. Nc3 Qc7 13. Ne4 Ne5 14. Nxf6+
gxf6 15. f4 Nxd3 16. Qxd3 Bd7 17. Qd4 Rg8 18. Qxf6 Qxc2 19. Rf2 Qg6 20. Qxg6
hxg6 21. Na5 O-O-O 22. Rc1+ Kb8 23. Rfc2 Bb5 24. b3 Bd3 25. Rd2 Rd5 26. b4 Be4
27. Re2 Rd4 28. Nb3 Rxb4 29. Nc5 Bd5 30. Nd7+ Ka7 31. g3 Bc6 32. Ne5 Bb5 33.
Rd2 f6 34. Ng4 Rf8 35. Rd6 e5 36. Rxf6 Rxf6 37. Nxf6 exf4 38. Nd5 Rb2 39. Nxf4
g5 40. Nh3 Bc6 41. Nxg5 Rg2+ 42. Kf1 Rxh2 43. Rc3 Rxa2 44. Ne6 Bb5+ 45. Kg1 Rd2
46. Nf4 Bc6 47. Kf1 a5 48. Ke1 Rd6 49. Rd3 Rh6 50. Kd2 b5 51. Rd4 Rh2+ 52. Kc3
Kb6 53. Nd3 Re2 54. g4 Re3 55. Kd2 Rg3 56. Rd6 Kc7 57. Re6 Bd7 58. Ra6 a4 59.
Ne5 Bxg4 60. Rg6 a3 61. Nxg4 b4 62. Kc1 Rg1+ 63. Kc2 a2 64. Ra6 a1=Q 65. Rxa1
Rxa1 66. Kb3 Rb1+ 67. Kc2 Rg1 68. Ne5 Kb6 69. Nf3 Rg2+ 70. Nd2 Kb5 71. Kb3 Rg3+
0-1

[Event "Championnat de Paris Open Fide"]
[Site "Stade Charléty - 75013 Paris"]
[Date "2015.07.11"]
[Round "8.5"]
[White "Eden, James"]
[Black "Roser, Kevin"]
[Result "0-1"]
[WhiteElo "2272"]
[BlackElo "2403"]
[PlyCount "70"]
[EventDate "2015.??.??"]

1. e4 c5 2. Nf3 e6 3. d4 cxd4 4. Nxd4 Nc6 5. Nb5 d6 6. Bf4 e5 7. Be3 a6 8. N5c3
Nf6 9. Na3 Be6 10. Nc4 b5 11. Nb6 Rb8 12. Nbd5 Ng4 13. Be2 Nxe3 14. Nxe3 Be7
15. O-O O-O 16. Ncd5 Bg5 17. c3 a5 18. Qd3 g6 19. g3 Bh6 20. f4 f5 21. Bf3 Qd7
22. Rad1 Kh8 23. Kh1 Bg7 24. exf5 gxf5 25. Bg2 b4 26. cxb4 e4 27. Qd2 Nxb4 28.
Nxb4 Rxb4 29. Qxd6 Qxd6 30. Rxd6 Bxa2 31. Bh3 Bxb2 32. Nxf5 a4 33. Rfd1 Bb3 34.
Rb1 a3 35. Ra6 Ra4 0-1

[Event "Championnat de Paris Open Fide"]
[Site "Stade Charléty - 75013 Paris"]
[Date "2015.07.11"]
[Round "8.6"]
[White "Louis, Thibault"]
[Black "Aranovitch, Emiliano"]
[Result "1/2-1/2"]
[WhiteElo "2250"]
[BlackElo "2347"]
[PlyCount "55"]
[EventDate "2015.??.??"]

1. e4 c5 2. Nf3 d6 3. Bb5+ Bd7 4. Bxd7+ Qxd7 5. O-O Nf6 6. Re1 Nc6 7. c3 e6 8.
d4 cxd4 9. cxd4 d5 10. e5 Ne4 11. Nbd2 Nxd2 12. Bxd2 Be7 13. Rc1 Nb4 14. Qb3 a5
15. a3 a4 16. Qe3 Nc6 17. Qd3 Na5 18. Bxa5 Rxa5 19. Re2 Rb5 20. Rec2 Bd8 21.
Nd2 O-O 22. b4 axb3 23. Nxb3 Bb6 24. Qc3 Qe7 25. Qd3 Qd7 26. Qc3 Qe7 27. Qd3
Qd7 28. Qc3 1/2-1/2

[Event "Championnat de Paris Open Fide"]
[Site "Stade Charléty - 75013 Paris"]
[Date "2015.07.11"]
[Round "8.7"]
[White "Maleki, Manuel"]
[Black "Sochacki, Wojtek"]
[Result "0-1"]
[WhiteElo "2235"]
[BlackElo "2302"]
[PlyCount "58"]
[EventDate "2015.??.??"]

1. Nf3 Nf6 2. c4 c5 3. Nc3 d5 4. cxd5 Nxd5 5. a3 g6 6. Qb3 Nb6 7. e3 Bg7 8. Qc2
O-O 9. b3 Bf5 10. d3 c4 11. e4 cxb3 12. Qxb3 Bg4 13. Be3 Nc6 14. Rd1 Rc8 15.
Nb1 Bxf3 16. gxf3 Nd4 17. Bxd4 Bxd4 18. Bg2 Qd6 19. Ke2 Rc5 20. h4 h5 21. Bh3
Kg7 22. Rd2 e6 23. Qb4 a5 24. Qb3 Rfc8 25. a4 R8c6 26. Bg2 Qe5 27. Bh3 Nd5 28.
Bf1 Rc1 29. Rd1 R6c2+ 0-1

[Event "Championnat de Paris Open Fide"]
[Site "Stade Charléty - 75013 Paris"]
[Date "2015.07.11"]
[Round "8.8"]
[White "Veys, Vincent"]
[Black "Mouhamad, Joachin"]
[Result "0-1"]
[WhiteElo "2375"]
[BlackElo "2207"]
[PlyCount "49"]
[EventDate "2015.??.??"]

1. e4 c5 2. Nf3 Nc6 3. Bb5 d6 4. O-O Bd7 5. Re1 Nf6 6. c3 a6 7. Bxc6 Bxc6 8. d4
Bxe4 9. Bg5 Bd5 10. c4 Bxf3 11. Qxf3 cxd4 12. Bxf6 gxf6 13. Qxb7 Qc8 14. Qd5
Bg7 15. Qxd6 O-O 16. Qxe7 Qxc4 17. Nd2 Qc2 18. Ne4 d3 19. Nxf6+ Kh8 20. Nh5 d2
21. Rf1 Bxb2 22. Rad1 Rae8 23. Qd6 Qxd1 24. Rxd1 Bc3 25. Kf1 0-1

[Event "Championnat de Paris Open Fide"]
[Site "Stade Charléty - 75013 Paris"]
[Date "2015.07.11"]
[Round "8.9"]
[White "Le Ruyet, Leopold"]
[Black "Van Dongen, Patrick"]
[Result "0-1"]
[WhiteElo "2238"]
[BlackElo "2304"]
[PlyCount "76"]
[EventDate "2015.??.??"]
[TimeControl "5430"]

1. c4 c5 2. g3 Nc6 3. Bg2 g6 4. Nc3 Bg7 5. d3 d6 6. e4 e5 7. Nge2 Nge7 8. O-O
O-O 9. a3 Be6 10. Rb1 Qd7 11. b4 b6 12. Re1 Bh3 13. Bxh3 Qxh3 14. Kh1 Nd4 15.
Nxd4 cxd4 16. Ne2 Qh5 17. Ng1 Qxd1 18. Rxd1 f5 19. f3 Kf7 20. Ne2 Ke6 21. Kg2
Rf7 22. Bg5 fxe4 23. fxe4 Raf8 24. Rf1 Ng8 25. Rxf7 Rxf7 26. a4 Bh6 27. Bxh6
Nxh6 28. h3 Ng8 29. Ra1 Rb7 30. Nc1 Nf6 31. Nb3 Nd7 32. Ra3 Rb8 33. Nc1 a5 34.
bxa5 bxa5 35. Nb3 Nc5 36. Nxa5 Kd7 37. Kf2 Kc7 38. Ke2 Rb2+ 0-1